000 00354nab a22001097u 4500
008 130520b1982 xxu||||| |||| 00| 0 spa d
041 _aspa
100 1 _aAldazábal, José
_94671
245 0 0 _aEl renacer de la oración en nuestro tiempo. Lengua española
_cJosé Aldazábal
773 0 _tConcilium
_gV.3,1982,págs.422-430
_x0210-1041
_wRev134
942 _cAR
999 _c354880
_d354880